| 000 | 01305cam a22003257a 4500 | ||
|---|---|---|---|
| 003 | CHAP | ||
| 005 | 20220329133526.0 | ||
| 008 | 971013s1991 r 10010 d | ||
| 010 | _a7418 | ||
| 011 | _a8390 | ||
| 035 | _a7616 | ||
| 040 | _cCHAP | ||
| 082 |
_a634.772063 _bA8r 1991 |
||
| 111 | 0 | 0 |
_aAsociación para la Cooperación en Investigaciones de Banano en el Caribe y en América Tropical. Reunión ( _n10 _d: 1991 _c: Villahermosa, Tab.) _98106 |
| 245 | 0 | _aResúmenes | |
| 260 |
_aVillahermosa, Tab. : _bAsociación para la Cooperación en Investigaciones de Banano en el Caribe y en América Tropical, _c1991 |
||
| 300 | _a212 p. | ||
| 590 |
_aBATCH-UPD _b10 _c20130110 _lUCH01 _h0046 |
||
| 590 |
_aBATCH-UPD _b10 _c20130110 _lUCH01 _h2245 |
||
| 590 |
_aBATCH-UPD _b10 _c20130409 _lUCH01 _h2032 |
||
| 590 |
_aBATCH-UPD _b10 _c20130410 _lUCH01 _h1539 |
||
| 590 |
_aBATCH-UPD _b10 _c20130914 _lUCH01 _h0420 |
||
| 590 |
_aCONVERSION _b10 _c20130109 _lUCH01 _h1305 |
||
| 650 | 1 | 4 |
_aPlátano _xCongresos. _989221 |
| 901 | _aBK | ||
| 942 | _cLIBRO | ||
| 949 |
_a634.772063 A8r 1991 _bBC _cLIBRO _d33724000210548 _eLIBRO _h82510 _i7616 _si |
||
| 949 |
_a634.772063 A8r 1991 _bBC _cLIBRO _d33724000210555 _eLIBRO _fc.3 _h82512 _i7616 _sb |
||
| 949 |
_a634.772063 A8r 1991 _bBC _cLIBRO _d33724000210563 _eLIBRO _fc.2 _h82511 _i7616 _si |
||
| 999 |
_c7418 _d7418 |
||